000 00699nam a2200193 i 4500
001 104511
003 ES-MaACL
005 20230906183625.0
007 t|
008 051130s1967 sp ||||1| spa d
100 1 _aMillares Sall, Agustín.
_981181
245 1 0 _aPoesía unánime
_b: 1944-1966 /
_cAgustín Millares Sall; antología realizada por Manuel González Barrera; con un prólogo de Isidro Miranda.
260 _aLas Palmas :
_b[s.n.],
_c1967 (
_fImp. Lezcano)
300 _a4 h., VII, 124 p., 4 h. de lám. ;
_c20 cm.
500 _aUna lám. es ret. aut.
700 1 _aGonzález Barrera, Manuel.
_958447
700 1 _aMiranda, Isidro.
_981521
852 _aES-MaACL
_jC-31652
_bR.62202
999 _c104511
_d104511